Idea československého štátu na Slovensku 1918-1939 protagonisti, nositelia, oponenti

Enregistré dans:
Détails bibliographiques
Auteur principal: Šuchová, Xénia
Autres auteurs: Kárník, Zdeněk, Zemko, Milan
Format: Livre
Langue:slovaque
Publié: Bratislava Prodama 2011
Sujets:
Tags: Ajouter un tag
Pas de tags, Soyez le premier à ajouter un tag!

MARC

LEADER 00000nam a2200000 4500
001 0149352
005 20221207093540.6
020 |a 978-80-89396-12-2 
041 0 |a slo 
044 |a SK 
245 1 0 |a Idea československého štátu na Slovensku 1918-1939  |b protagonisti, nositelia, oponenti  |c Xénia Šuchová 
264 1 |a Bratislava  |b Prodama  |c 2011 
300 |a 312 s. 
610 2 0 |a štát 
610 2 0 |a politika 
610 2 0 |a politika vnútorná 
610 2 0 |a politika zahraničná 
610 2 0 |a správa verejná 
610 2 0 |a správa štátna 
610 2 0 |a občianstvo štátne 
610 2 0 |a demokracia 
610 2 0 |a socializmus 
610 2 0 |a komunizmus 
610 2 0 |a autonómia 
610 2 0 |a národ 
610 2 0 |a Slovensko 
610 2 0 |a Československo 
610 2 0 |a Česko 
100 1 |a Šuchová, Xénia 
700 1 |a Kárník, Zdeněk 
700 1 |a Zemko, Milan